[Event "EU-ch U20"]
[Site "Arnhem"]
[Date "1988.??.??"]
[Round "1"]
[White "Gelfand, Boris"]
[Black "Hansen, Mads Smith"]
[Result "1-0"]
[WhiteElo "2585"]
[BlackElo "2245"]

1.e4 c6 2.d4 d5 3.Nd2 dxe4 4.Nxe4 Nf6 5.Nxf6+ exf6 6.c3 Bd6 7.Bd3 O-O 8.Qc2 Re8+
9.Ne2 Kh8 10.Be3 Nd7 11.O-O-O Nf8 12.Kb1 Qc7 13.Ng3 Bg4 14.Rde1 c5 15.Nf5 c4
16.Be4 Bxf5 17.Bxf5 b5 18.Bd2 g6 19.Bg4 Ne6 20.h4 Nf4 21.h5 Nd3 22.Ref1 Rab8
23.Rh3 Re7 24.Rxd3 cxd3 25.Qxd3 Bf4 26.g3 Bxd2 27.Qxd2 Rbe8 28.Bf3 Qd6 29.Rh1 f5
30.Kc2 Qf6 31.Qd3 a6 32.a4 bxa4 33.Ra1 Qb6 34.Rxa4 a5 35.c4 Ra7 36.c5 Qf6
37.d5 Rc8 38.c6 Qd6 39.Qd4+  1-0

[Event "EU-ch U20"]
[Site "Arnhem"]
[Date "1988.??.??"]
[Round "5"]
[White "Gelfand, Boris"]
[Black "Kontic, Djordje"]
[Result "1-0"]
[WhiteElo "2585"]
[BlackElo "2370"]

1.d4 f5 2.Bg5 g6 3.Nc3 d5 4.h4 Bg7 5.e3 c6 6.Bf4 Nf6 7.h5 Nxh5 8.Rxh5 gxh5
9.Qxh5+ Kf8 10.Bd3 Qe8 11.Qh2 Nd7 12.Bxf5 Nf6 13.Bxc8 Rxc8 14.O-O-O Qh5 15.Nh3 Bh6
16.f3 Rg8 17.g4 Bxf4 18.exf4 Nxg4 19.fxg4 Rxg4 20.Rd3 Rd8 21.Qe2 Rd6 22.b3 Rh4
23.Qe3 Qf5 24.Kb2 h6 25.Qf3 Qg4 26.Qf1 Rg6 27.Rf3 Qf5 28.Ne2 Rhg4 29.Nf2 Rg2
30.Nd1 Rh2 31.Ne3 Qe4 32.f5 Rg5 33.Ka3 e5  1-0

[Event "EU-ch U20"]
[Site "Arnhem"]
[Date "1988.??.??"]
[Round "7"]
[White "Gelfand, Boris"]
[Black "Comas Fabrego, Luis"]
[Result "1-0"]
[WhiteElo "2585"]
[BlackElo "2325"]

1.d4 Nf6 2.c4 g6 3.Nc3 Bg7 4.e4 d6 5.Be2 O-O 6.Bg5 Nbd7 7.Qd2 e5 8.d5 Nc5
9.f3 h6 10.Be3 Bd7 11.Bd1 a5 12.Nge2 Ra6 13.Bc2 Kh7 14.O-O Qe8 15.b3 h5 16.a3 Ra8
17.b4 axb4 18.axb4 Rxa1 19.Rxa1 Na6 20.Rb1 Qe7 21.Nc1 Ng8 22.Nd3 Bh6 23.c5 c6
24.Bb3 Kg7 25.Ra1 Bc8 26.Bc4 Nc7 27.Ra7 Qd8 28.Bxh6+ Nxh6 29.dxc6 bxc6 30.Nxe5 dxe5
31.Qxd8 Rxd8 32.Rxc7 Bd7 33.b5 cxb5 34.Nxb5 Bxb5 35.Bxb5 Rd1+ 36.Kf2 Rd2+
37.Kf1 Rc2 38.Bd3 Rc1+ 39.Ke2 Ng8 40.Kd2 Rg1 41.g3 Rg2+ 42.Be2 Kf6 43.Rd7 Ke6
44.Rd8  1-0

[Event "URS-FL56"]
[Site "Klaipeda"]
[Date "1988.??.??"]
[Round "?"]
[White "Dokhoian, Yury"]
[Black "Gelfand, Boris"]
[Result "1/2-1/2"]
[WhiteElo "2520"]
[BlackElo "2585"]

1.d4 Nf6 2.c4 e6 3.g3 d5 4.Bg2 dxc4 5.Nf3 Nc6 6.Qa4 Nd7 7.Qxc4 Nb6 8.Qd3 e5
9.Nxe5 Nb4 10.Qc3 Qxd4 11.O-O Qxc3 12.Nxc3 f6 13.Nf3 c6 14.a3 N4d5 15.Nxd5 Nxd5
16.Nd4 Bc5 17.Rd1 O-O 18.Bxd5+ cxd5 19.Be3 Bxd4 20.Bxd4  1/2-1/2

[Event "URS-FL56"]
[Site "Klaipeda"]
[Date "1988.??.??"]
[Round "?"]
[White "Dolmatov, Sergey"]
[Black "Gelfand, Boris"]
[Result "1/2-1/2"]
[WhiteElo "2550"]
[BlackElo "2585"]

1.e4 c5 2.Nf3 d6 3.d4 cxd4 4.Nxd4 Nf6 5.Nc3 a6 6.Be2 e5 7.Nb3 Be7 8.Be3 O-O
9.g4 Be6 10.g5 Nfd7 11.Qd2 a5 12.f4 a4 13.f5 axb3 14.fxe6 fxe6 15.cxb3 Nc6
16.h4 Nc5 17.Bc4 Na5 18.Bxc5 Nxc4 19.bxc4 dxc5 20.O-O-O Qxd2+ 21.Kxd2 Rad8+
22.Ke2 Rd4 23.Rhf1 Rfd8 24.b3 h6 25.gxh6 gxh6 26.h5 Bg5 27.Rxd4 cxd4 28.Nb5 d3+
29.Kd1 Bf4 30.Rf3 Kf7 31.c5 Ke7 32.Na3 Rd4 33.Nc4 Kd7 34.Nb2 Kc6 35.Rxd3 Rxe4
36.Na4 Rd4 37.Ke2 Kd5 38.a3 Bc1 39.Nb6+ Ke4 40.Rc3 Bxa3 41.c6 bxc6 42.Rxc6 Rd6
43.Rxd6 Bxd6 44.Nc4 Bb4 45.Ne3 Kf4 46.Nc4 Bc5 47.Kd3 e4+ 48.Ke2 Kg4 49.Nd2 e3
50.Ne4 Bd4 51.b4 Kxh5 52.Nc5 Kg4 53.Nxe6 Ba7 54.Nc5 Kf4 55.Ne6+ Kg4 56.Nc7 h5
57.Nd5 h4 58.Nxe3+ Kg5 59.Kf3  1/2-1/2

[Event "Vilnius"]
[Site "Vilnius"]
[Date "1988.??.??"]
[Round "?"]
[White "Epishin, Vladimir"]
[Black "Gelfand, Boris"]
[Result "1/2-1/2"]
[WhiteElo "2475"]
[BlackElo "2505"]

1.e4 c5 2.Nc3 d6 3.f4 Nc6 4.Bb5 Bd7 5.Nf3 g6 6.O-O Bg7 7.Bxc6 Bxc6 8.d3 Nf6
9.Qe1 Qc7 10.a4 e6 11.Kh1 a6 12.a5 O-O 13.Qh4 Rae8 14.Be3 Nd7 15.d4 f5 16.dxc5 Nxc5
17.Bxc5 dxc5 18.e5 h6 19.Qf2 Rf7 20.Qg3 Kh7 21.Nh4 g5 22.fxg5 hxg5 23.Qxg5 Bxe5
24.Rae1 Rg7  1/2-1/2

[Event "Vilnius"]
[Site "Vilnius"]
[Date "1988.??.??"]
[Round "?"]
[White "Dokhoian, Yury"]
[Black "Gelfand, Boris"]
[Result "1/2-1/2"]
[WhiteElo "2515"]
[BlackElo "2505"]

1.d4 Nf6 2.c4 e6 3.Nf3 d5 4.Nc3 dxc4 5.e4 Bb4 6.Bg5 c5 7.Bxc4 cxd4 8.Nxd4 Bxc3+
9.bxc3 Qa5 10.Bxf6 Qxc3+ 11.Kf1 gxf6 12.Rc1 Qa5 13.h4 Nc6 14.Nxc6 bxc6 15.Rh3 Ba6
16.Qd6 Bxc4+ 17.Rxc4 Rc8 18.Ra3 Qc7 19.Qc5 Qb6 20.Rxa7 Qxc5 21.Rxc5 O-O 22.Ra6 Rb8
23.Raxc6 Ra8 24.Rc2 Kg7 25.Ke2 Ra3 26.R6c3 Ra4 27.Rc4 Ra3 28.Rd4 Rfa8 29.Rdd2 R8a4
30.f3 f5 31.exf5 exf5 32.Rc5  1/2-1/2

[Event "Vilnius"]
[Site "Vilnius"]
[Date "1988.??.??"]
[Round "?"]
[White "Rozentalis, Eduardas"]
[Black "Gelfand, Boris"]
[Result "0-1"]
[WhiteElo "2520"]
[BlackElo "2505"]

1.e4 e5 2.Nf3 Nf6 3.d4 Nxe4 4.Bd3 d5 5.Nxe5 Bd6 6.O-O O-O 7.c4 Bxe5 8.dxe5 Nc6
9.cxd5 Qxd5 10.Qc2 Nb4 11.Bxe4 Nxc2 12.Bxd5 Bf5 13.g4 Bxg4 14.Be4 Nxa1 15.Bf4 f5
16.Bd5+ Kh8 17.Rc1 c6 18.Bg2 Rfd8 19.Nd2 h6 20.h4 Rd3 21.Rxa1 g5 22.hxg5 hxg5
23.Bxg5 Rg8 24.Nf1 Rxg5 25.f4 Rg7 26.Kf2 Rd4 27.Ke3 Rgd7 28.Re1 Rd3+ 29.Kf2 R7d4  0-1

[Event "Vilnius"]
[Site "Vilnius"]
[Date "1988.??.??"]
[Round "?"]
[White "Gelfand, Boris"]
[Black "Malisauskas, Vidmantas"]
[Result "1/2-1/2"]
[WhiteElo "2505"]
[BlackElo "2390"]

1.d4 Nf6 2.c4 g6 3.Nc3 d5 4.Nf3 Bg7 5.cxd5 Nxd5 6.e4 Nxc3 7.bxc3 c5 8.Rb1 O-O
9.Be2 b6 10.O-O Bb7 11.Qd3 cxd4 12.cxd4 Ba6 13.Qe3 Qd7 14.Ba3 Re8 15.d5 Bxe2
16.Qxe2 Qa4 17.Qe3 Nd7 18.Rfc1 Rac8 19.h3 Rxc1+ 20.Rxc1 Nf6 21.Nd2 Bh6 22.Qxh6 Qxa3
23.Re1 Qxa2 24.Nf3 Nd7 25.Rc1 Qb2 26.Rc7 Nf6 27.e5 Nxd5 28.Rd7 Nb4 29.Rxa7 Qe2
30.Rd7 Nd3 31.Ng5 Qxf2+ 32.Kh2 Qf4+ 33.Kh1 Qf2  1/2-1/2

[Event "Debrecen"]
[Site "Debrecen"]
[Date "1989.??.??"]
[Round "?"]
[White "Oll, Lembit"]
[Black "Gelfand, Boris"]
[Result "1/2-1/2"]
[WhiteElo "2510"]
[BlackElo "2600"]

1.e4 c5 2.Nf3 d6 3.d4 cxd4 4.Nxd4 Nf6 5.Nc3 a6 6.Bg5 e6 7.f4 Nc6 8.Nxc6 bxc6
9.e5 h6 10.Bh4 g5 11.fxg5 Nd5 12.Ne4 Qb6 13.c3 dxe5 14.Bg3 hxg5 15.Bxe5 Rh4
16.Bd3 f5 17.Nd2 Bc5 18.Qe2 Qxb2 19.Rb1 Qxa2 20.g3 Rh7 21.c4 Ne3 22.Qf3 Bd7
23.Ke2 Qa3 24.Ra1 Qb4 25.Rab1 Qa3 26.h4 Ng4 27.Bb2 Qa5 28.hxg5 Rxh1 29.Qxh1 O-O-O
30.Nb3 Qb6 31.Nxc5 Qxc5 32.Qg1  1/2-1/2

[Event "Debrecen"]
[Site "Debrecen"]
[Date "1989.??.??"]
[Round "?"]
[White "Mohr, Stefan"]
[Black "Gelfand, Boris"]
[Result "1/2-1/2"]
[WhiteElo "2530"]
[BlackElo "2600"]

1.d4 Nf6 2.c4 g6 3.Nc3 Bg7 4.e4 d6 5.Be2 O-O 6.Bg5 Nbd7 7.Qd2 c6 8.Nf3 d5
9.exd5 cxd5 10.O-O dxc4 11.Bxc4 a6 12.Bb3 b5 13.Rad1 Bb7 14.Rfe1 Nb6 15.Qe2 b4
16.Bxf6 Bxf6 17.Ne4 Bxe4 18.Qxe4 a5 19.Rc1 a4 20.Bc4 a3 21.bxa3 Nxc4 22.Rxc4 Rxa3
23.Rxb4  1/2-1/2

[Event "Debrecen"]
[Site "Debrecen"]
[Date "1989.??.??"]
[Round "?"]
[White "Gelfand, Boris"]
[Black "Csom, Istvan"]
[Result "1/2-1/2"]
[WhiteElo "2600"]
[BlackElo "2545"]

1.d4 Nf6 2.c4 e6 3.Nf3 d5 4.g3 Bb4+ 5.Nbd2 O-O 6.Bg2 dxc4 7.Qc2 Nc6 8.Qxc4 Qd5
9.O-O Rd8 10.e3 Qxc4 11.Nxc4 Bf8 12.a3 Bd7 13.b4 Be8 14.Bd2 Ne4 15.Rfc1 Rab8
16.Be1 Nd6 17.Nce5 Rdc8 18.Nd3 Ne7 19.Bh3 c6 20.Nc5 Rd8 21.Rc2 h6 22.Ne5 Nd5
23.Bg2 g5 24.Bd2 Bg7 25.Re1 f6 26.Ned3 Bf7 27.Bh3 Nc7 28.Bc1 Nf5 29.Bb2 Ne7
30.a4 a6 31.Ba3 Ng6 32.Kh1 Nf8 33.f4 Bg6 34.Rd2 Re8 35.e4 Red8 36.Bb2 Bf7
37.Nc1 Nd7 38.Rf2 Nxc5 39.dxc5 h5 40.fxg5 fxg5 41.Bxg7 Kxg7 42.Nb3 e5 43.Na5  1/2-1/2

[Event "Debrecen"]
[Site "Debrecen"]
[Date "1989.??.??"]
[Round "?"]
[White "Eingorn, Vereslav S"]
[Black "Gelfand, Boris"]
[Result "1-0"]
[WhiteElo "2570"]
[BlackElo "2600"]

1.d4 Nf6 2.c4 e6 3.Nf3 d5 4.Nc3 dxc4 5.e4 Bb4 6.Bg5 c5 7.Bxc4 cxd4 8.Nxd4 Bxc3+
9.bxc3 Qa5 10.Bb5+ Bd7 11.Bxf6 gxf6 12.Qb3 a6 13.Be2 Nc6 14.O-O O-O 15.Rad1 Qc7
16.Qb2 Rfd8 17.Rd3 Ne7 18.Qc1 Ng6 19.Rg3 Kh8 20.Qh6 Rg8 21.f4 Qd6 22.e5 Qe7
23.exf6 Qxf6 24.Bd3 Rac8 25.f5 exf5 26.Bxf5 Bxf5 27.Rxf5 Qg7 28.Qd2 f6 29.Rh5 Qf7
30.Rgh3 Ne5 31.Qf4 Rg7 32.Nf5 Qd7 33.Nxg7  1-0

[Event "EU-chT"]
[Site "Haifa"]
[Date "1989.??.??"]
[Round "4"]
[White "Rechlis, Gad"]
[Black "Gelfand, Boris"]
[Result "1-0"]
[WhiteElo "2470"]
[BlackElo "2590"]

1.e4 c5 2.Nc3 d6 3.f4 Nc6 4.Nf3 e6 5.g3 Nge7 6.Bg2 g6 7.d4 cxd4 8.Nxd4 Bg7
9.Be3 O-O 10.Qd2 d5 11.Nxc6 bxc6 12.O-O-O Ba6 13.Bd4 Bxd4 14.Qxd4 Qb6 15.Na4 Qxd4
16.Rxd4 Rfb8 17.Nc5 Bc8 18.c4 a5 19.Rhd1 Ra7 20.R1d3 Kg7 21.Rb3 Rxb3 22.axb3 h6
23.Kd2 g5 24.Kc3 gxf4 25.gxf4 Rc7 26.Rd1 Ng6 27.Rf1 dxe4 28.Bxe4 f5 29.Bh1 Kf6
30.Kd4 Nxf4 31.Ne4+ fxe4 32.Rxf4+ Ke7 33.Bxe4 Rd7+ 34.Ke5 Rd2 35.Rh4 Rxb2
36.Rxh6 Bb7 37.h4 Kd7 38.h5 Kc7 39.Rh8 Rxb3 40.h6 Rh3 41.h7  1-0

[Event "New York op"]
[Site "New York"]
[Date "1989.??.??"]
[Round "4"]
[White "Campora, Daniel H"]
[Black "Gelfand, Boris"]
[Result "1/2-1/2"]
[WhiteElo "2500"]
[BlackElo "2600"]

1.e4 c5 2.Nf3 d6 3.d4 cxd4 4.Nxd4 Nf6 5.Nc3 a6 6.Be3 e5 7.Nb3 Be6 8.Qd2 Nbd7
9.O-O-O b5 10.f3 Be7 11.Kb1 Rc8 12.g4 Nb6 13.g5 Nfd7 14.h4 Qc7 15.Rh2 Na4
16.Nd5 Bxd5 17.exd5 Ndb6 18.Bxb6 Nxb6 19.Bh3 Nc4 20.Qe1 Rb8 21.Nd2 a5 22.Qe4 O-O
23.c3 Qc5 24.Nxc4 bxc4 25.Bd7 a4 26.Bxa4 Rb6 27.Bc6 Rfb8 28.a4 Rb3 29.Bb5 R3xb5
30.axb5 Qxb5 31.f4 Ra8 32.fxe5 Ra1+  1/2-1/2

[Event "Novi Sad ol (Men)"]
[Site "Novi Sad"]
[Date "1990.??.??"]
[Round "4"]
[White "Ljubojevic, Ljubomir"]
[Black "Gelfand, Boris"]
[Result "1/2-1/2"]
[WhiteElo "2600"]
[BlackElo "2680"]

1.e4 c5 2.Nf3 d6 3.d4 cxd4 4.Nxd4 Nf6 5.Nc3 a6 6.Bg5 e6 7.f4 Nbd7 8.Qf3 Qc7
9.Be2 b5 10.f5 b4 11.fxe6 Ne5 12.Qxf6 gxf6 13.Nd5 Qa7 14.Nxf6+ Kd8 15.Nd5+ Ke8
16.Nf6+ Kd8 17.Nd5+  1/2-1/2

[Event "Chalkidiki Afitos"]
[Site "Chalkidiki"]
[Date "1993.??.??"]
[Round "4"]
[White "Shirov, Alexei"]
[Black "Gelfand, Boris"]
[Result "0-1"]
[WhiteElo "2685"]
[BlackElo "2670"]

1.e4 c5 2.Nf3 d6 3.d4 cxd4 4.Nxd4 Nf6 5.Nc3 a6 6.Be3 e5 7.Nb3 Be6 8.f4 exf4
9.Bxf4 Nc6 10.Qe2 Be7 11.h3 Nd7 12.O-O-O Nce5 13.Nd5 Bxd5 14.Rxd5 O-O 15.h4 Rc8
16.g4 Qc7 17.g5 Nb6 18.Rd4 a5 19.Rh3 a4 20.Na1 f6 21.Rc3 Nc6 22.Rd1 fxg5
23.Bxg5 Rce8 24.Be3 Bf6 25.Qb5 Nd7 26.Rcd3 Nc5 27.Rxd6 Nxe4 28.R6d3 Qe5 29.Ra3 Qxb5
30.Bxb5 Nc3 31.bxc3 Rxe3 32.Rxa4 Rxc3 33.Nb3 Ne5 34.Re4 Rfc8 35.Re2 Nc4 36.Bxc4+ R3xc4
37.h5 Rh4 38.Rd5 Bc3 39.Kb1 Rh1+ 40.Nc1 h6 41.a4 Bf6 42.Red2 Bg5 43.Rd1 Rh2
44.Rb5 Rcxc2 45.Nd3 Bf6 46.Rf1 Ra2 47.Rxf6 gxf6 48.Rxb7 Rxa4 49.Rb8+ Kf7
50.Rb7+ Ke8 51.Rb8+  0-1

[Event "Chalkidiki Afitos"]
[Site "Chalkidiki"]
[Date "1993.??.??"]
[Round "6"]
[White "Kotronias, Vasilios"]
[Black "Gelfand, Boris"]
[Result "1/2-1/2"]
[WhiteElo "2590"]
[BlackElo "2670"]

1.e4 c5 2.Nf3 d6 3.d4 cxd4 4.Nxd4 Nf6 5.Nc3 a6 6.Be3 e5 7.Nf3 Be7 8.Bc4 O-O
9.O-O Nc6 10.Bg5 Be6 11.Bb3 Na5 12.Qd3 Rc8 13.Rfd1 Nxb3 14.axb3 Rc6 15.Bxf6 Bxf6
16.Nd5 Bxd5 17.Qxd5 Rxc2  1/2-1/2

[Event "Wijk m rapid"]
[Site "Wijk aan Zee"]
[Date "1993.??.??"]
[Round "2"]
[White "Gelfand, Boris"]
[Black "Illescas Cordoba, Miguel"]
[Result "1/2-1/2"]
[WhiteElo "2690"]
[BlackElo "2615"]

1.d4 d5 2.c4 e6 3.Nc3 c5 4.cxd5 exd5 5.Nf3 Nc6 6.g3 Nf6 7.Bg2 Be7 8.O-O O-O
9.dxc5 Bxc5 10.Na4 Be7 11.Be3 Bg4 12.Rc1 Re8 13.h3 Be6 14.Nd4 Qd7 15.Kh2 Rac8
16.Nc5 Bxc5 17.Rxc5 b6 18.Rc1 Nxd4 19.Bxd4 Ne4 20.Qd3 Bf5 21.Qe3 h6 22.Qf4 Rc4
23.Rfd1 g5 24.Qf3 Nd2 25.Rxd2 Rxc1 26.Bc3 Qe6 27.Qxd5 Qxd5 28.Bxd5 Rc2 29.Rxc2 Bxc2
30.e3 Be4 31.Bb3 Rd8 32.a3 h5 33.g4 h4 34.Kg1 Rd6 35.Kf1 Bf3 36.Bc2 f6 37.e4 Kf7
38.e5 fxe5 39.Bxe5 Rd2 40.Bb3+ Ke7 41.Bc3 Rd8 42.Ke1 a5 43.Bd2 Kf6 44.Bd1 Bxd1
45.Kxd1 Rd3 46.Ke2 Rxh3 47.a4 Rb3 48.Bc3+ Rxc3 49.bxc3 Ke5 50.Ke3 h3 51.Kf3 h2
52.Kg2 Kf4 53.Kxh2 Kxg4 54.Kg2 Kf4 55.Kf1 Ke4 56.Ke2 g4 57.Kd2 Kf3 58.Ke1 Ke4
59.Ke2 Kf4 60.Kd2 Kf3 61.Ke1 Kf4 62.Ke2 Ke4 63.Kf1 Kf3 64.c4 g3 65.fxg3 Kxg3
66.Ke2 Kf4 67.Kd3 Ke5 68.Ke3 Kd6  1/2-1/2

[Event "Cap d'Agde"]
[Site "Cap d'Agde"]
[Date "1994.??.??"]
[Round "7.3"]
[White "Gelfand, Boris"]
[Black "Karpov, Anatoly"]
[Result "1/2-1/2"]
[WhiteElo "2680"]
[BlackElo "2780"]

1.e4 c5 2.Nf3 d6 3.d4 cxd4 4.Nxd4 Nf6 5.Nc3 Nc6 6.Be2 e5 7.Nf3 h6 8.O-O Be6
9.Re1 Be7 10.Bf1 O-O 11.Nd5 Bg4 12.h3 Bh5 13.g4 Bg6 14.Nxf6+ Bxf6 15.Bc4 Qc7
16.c3 Nd8 17.Bd5 Ne6 18.a4 a5 19.Be3 Rab8 20.Qe2 b6 21.Kg2 Rfc8 22.Rh1 Qd7
23.Qb5 Qe7 24.Qd3 Nc7 25.c4 Nxd5 26.cxd5 Qd7 27.Nd2 b5 28.b3 Bg5 29.Bxg5 hxg5
30.axb5 Rxb5 31.Rhc1 Rb4 32.Rxc8+ Qxc8 33.Nc4 Qb8 34.Ra3 f6 35.f3 a4 36.Rxa4 Rxb3
37.Ra8 Qxa8 38.Qxb3 Qa6 39.Qb4 Qa2+ 40.Kg3 Qa1 41.Kg2 Qd4 42.Qb8+ Kh7 43.Nxd6 Qd2+
44.Kg3  1/2-1/2

[Event "Horgen CS"]
[Site "Horgen"]
[Date "1994.??.??"]
[Round "4"]
[White "Gelfand, Boris"]
[Black "Kortschnoj, Viktor"]
[Result "0-1"]
[WhiteElo "2680"]
[BlackElo "2615"]

1.d4 Nf6 2.c4 e6 3.Nc3 Bb4 4.e3 c5 5.Bd3 d5 6.Nf3 O-O 7.O-O Nc6 8.a3 Bxc3
9.bxc3 dxc4 10.Bxc4 Qc7 11.Ba2 e5 12.h3 b6 13.Qc2 e4 14.Ng5 Ba6 15.Rd1 Rae8
16.f3 Bd3 17.Qf2 h6 18.fxe4 hxg5 19.Rxd3 Nxe4 20.Qf3 Na5 21.c4 b5 22.cxb5 c4
23.Rd1 Nb3 24.Bxb3 cxb3 25.Rb1 Nc3 26.Rxb3 Nxd1 27.Qxd1 Re4 28.Bd2 Rfe8 29.a4 Qd7
30.a5 g4 31.hxg4 Rxg4 32.b6 axb6 33.Rxb6 Qf5 34.a6 Qe4 35.Qf1 Ra8 36.Rb7 Rxa6
37.Qxf7+ Kh7  0-1

[Event "Horgen CS"]
[Site "Horgen"]
[Date "1994.??.??"]
[Round "6"]
[White "Gelfand, Boris"]
[Black "Jussupow, Artur"]
[Result "0-1"]
[WhiteElo "2680"]
[BlackElo "2655"]

1.e4 e5 2.Nf3 Nf6 3.Nxe5 d6 4.Nf3 Nxe4 5.d4 d5 6.Bd3 Nc6 7.O-O Be7 8.Re1 Bg4
9.c4 Nf6 10.Nc3 Bxf3 11.Qxf3 Nxd4 12.Qd1 Ne6 13.cxd5 Nxd5 14.Bb5+ c6 15.Nxd5 cxb5
16.Qh5 O-O 17.Be3 Bg5 18.Rad1 Bxe3 19.Rxe3 Rc8 20.f4 Rc5 21.Re5 Rxd5 22.Rdxd5 Qb6+
23.Kh1 Nxf4 24.Qf3 Nxd5 25.Qxd5 a6 26.h3 Qf2 27.Re7 Qxb2 28.Rxb7 Qc1+ 29.Kh2 Qf4+
30.g3 Qf2+ 31.Qg2 Qd4 32.Qf3 Qd2+ 33.Qg2 Qd4 34.Qf3 Qc4 35.Qb3 Qxb3 36.axb3 Rd8
37.h4 g6 38.Rb6 Rd3 39.Rxa6 Rxb3 40.g4 Rc3 41.Rb6 Rc5 42.Kg3 Kf8 43.g5 Rc3+
44.Kf4 Rc4+ 45.Kg3 Rc3+ 46.Kf4 Rc4+ 47.Kg3 b4 48.Rb7 Ke8 49.Kh3 Kd8 50.Rxf7 Kc8  0-1

[Event "Moscow ol (Men)"]
[Site "Moscow"]
[Date "1994.??.??"]
[Round "3"]
[White "Spraggett, Kevin"]
[Black "Gelfand, Boris"]
[Result "1-0"]
[WhiteElo "2530"]
[BlackElo "2680"]

1.e4 c5 2.Nc3 d6 3.f4 a6 4.Nf3 b5 5.g3 Bb7 6.d3 e6 7.Bg2 Nd7 8.O-O b4 9.Ne2 Ngf6
10.h3 Be7 11.g4 O-O 12.Ng3 d5 13.e5 Ne8 14.Qe2 a5 15.c4 bxc3 16.bxc3 Nc7
17.f5 Ra6 18.Rb1 Bc6 19.Bd2 a4 20.Nh5 Ne8 21.f6 gxf6 22.Bh6 Nxe5 23.Nxe5 fxe5
24.Qxe5 Qd6 25.Qxd6 Bxd6 26.c4 Be5 27.Bxf8 Kxf8 28.Nf4 dxc4 29.Bxc6 Rxc6
30.dxc4 Nf6 31.Rb7 Ne4 32.Nd3 Bd4+ 33.Kg2 Nd6 34.Ra7 Rb6 35.Rxa4 e5 36.Re1 e4
37.Nf4 Be5 38.Ra8+ Kg7 39.Nh5+ Kh6 40.Ng3 Bd4 41.Rg8  1-0

[Event "Moscow ol (Men)"]
[Site "Moscow"]
[Date "1994.??.??"]
[Round "7"]
[White "Torre, Eugenio"]
[Black "Gelfand, Boris"]
[Result "1/2-1/2"]
[WhiteElo "2535"]
[BlackElo "2680"]

1.e4 e5 2.Nf3 Nc6 3.Bb5 Nf6 4.O-O Nxe4 5.Re1 Nd6 6.Nxe5 Be7 7.Bd3 Nxe5 8.Rxe5 O-O
9.Nc3 c6 10.b3 Ne8 11.Bb2 d5 12.Qh5 Nf6 13.Qh4 h6 14.Rae1 Bd6 15.R5e2 Be6
16.Nd1 Nd7 17.Qh5 Nf6 18.Qh4 Nd7 19.Qh5 Nf6  1/2-1/2

[Event "Moscow ol (Men)"]
[Site "Moscow"]
[Date "1994.??.??"]
[Round "11"]
[White "Rogers, Ian"]
[Black "Gelfand, Boris"]
[Result "1/2-1/2"]
[WhiteElo "2560"]
[BlackElo "2680"]

1.d4 Nf6 2.c4 g6 3.Nc3 Bg7 4.e4 d6 5.f3 O-O 6.Bg5 c5 7.d5 Qa5 8.Qd2 a6 9.a4 e6
10.Nd1 Qc7 11.Ne2 exd5 12.cxd5 Nbd7 13.Nec3 Rb8 14.a5 c4 15.Na4 Ne5 16.Be3 Nh5
17.Be2 f5 18.exf5 Bxf5 19.O-O Bd3 20.Bxd3 Nxd3 21.Nb6 Rbe8 22.Ra4 Ne5 23.Nc3 Nf6
24.h3 Nfd7 25.f4 Nxb6 26.axb6 Qf7 27.Rb1 Nd3 28.Rxc4 Nc5 29.Rd1 Qf5 30.b4 Nb3
31.Qe2 h5 32.Rc7 h4 33.Kh1 Rf7 34.Qd3 Qxd3 35.Rxd3 Nc1 36.Bxc1 Re1+ 37.Kh2 Rxc1
38.Ne4 Rcxc7 39.bxc7 Rxc7 40.Nxd6 Bf8 41.Ne4 Rc4 42.Nd2 Rc8 43.d6 Rd8 44.Ne4 b6
45.g4 hxg3+ 46.Kxg3 a5 47.bxa5 bxa5 48.Rd5 a4 49.Ra5 Bxd6 50.Rxa4 Be7 51.Ra7 Kf8
52.Kg4 Rd1 53.Rb7 Rg1+ 54.Kf3 Rf1+ 55.Kg3 Re1 56.Nd2 Bf6 57.Nc4 Rg1+ 58.Kf3 Rh1
59.Kg2 Rd1 60.Kf3 Rd3+  1/2-1/2

[Event "EU-ch Rapid-30'"]
[Site "Cap d`Agde"]
[Date "1996.??.??"]
[Round "?"]
[White "Van Wely, Loek"]
[Black "Gelfand, Boris"]
[Result "1/2-1/2"]
[WhiteElo "2605"]
[BlackElo "2665"]

1.d4 Nf6 2.c4 c5 3.d5 b5 4.cxb5 a6 5.b6 e6 6.Nc3 Nxd5 7.Nxd5 exd5 8.Qxd5 Nc6
9.Nf3 Rb8 10.Ne5 Qf6 11.Nxc6 dxc6 12.Qe4+ Be7 13.g3 O-O 14.Bg2 Rxb6 15.O-O Be6
16.Qa4 Rd8 17.Qa5 Rdb8 18.Bf4 R8b7 19.b3 g5 20.Be3 Qe5 21.Rac1 h6 22.Rfd1 Rb8
23.Qc3 Qxc3 24.Rxc3 Rb5 25.Bxc6 Ra5 26.Bd5 Rd8 27.Rcd3 Rxd5 28.Rxd5 Bxd5
29.Rxd5 Rxa2 30.Rd7 Bf8 31.Rd8 Kg7 32.Bd2 Be7 33.Rd7 Bf6 34.e3 Rb2 35.Rd3 Rc2
36.Kf1 c4 37.bxc4 Rxc4 38.Ra3 Rc6 39.Ke2 Be7 40.Ra4 Kf6 41.e4 Ke6 42.f4 f5
43.exf5+ Kxf5 44.g4+ Kg6 45.f5+ Kf7 46.Kd3 h5 47.h3 hxg4 48.hxg4 Bd8 49.Bc3 a5
50.Ra2 Ra6 51.Rh2 Bf6 52.Rh7+ Kg8 53.Rh6 Rd6+ 54.Kc2 Be5 55.Rxd6 Bxd6 56.Bxa5 Kf7
57.Kd3 Be7 58.Bc3 Bd8 59.Ke4 Be7 60.Kd5 Bd8 61.Kc6 Be7 62.Kd7 Ba3 63.Be5 Bb4
64.Bd6 Bd2 65.Be7 Bc1 66.Bd8 Bd2 67.Kc6 Bf4 68.Kd5 Bd2 69.Ke4 Bc1 70.f6 Ke6  1/2-1/2

[Event "EU-ch Rapid-30'"]
[Site "Cap d`Agde"]
[Date "1996.??.??"]
[Round "?"]
[White "Van Wely, Loek"]
[Black "Gelfand, Boris"]
[Result "1/2-1/2"]
[WhiteElo "2605"]
[BlackElo "2665"]

1.d4 Nf6 2.c4 e6 3.Nf3 d5 4.Nc3 Be7 5.Bg5 O-O 6.e3 h6 7.Bxf6 Bxf6 8.Qc2 c5
9.dxc5 dxc4 10.Bxc4 Qa5 11.O-O Bxc3 12.Qxc3 Qxc3 13.bxc3 Nd7  1/2-1/2

[Event "Koop Tjuchem"]
[Site "Groningen"]
[Date "1996.??.??"]
[Round "1"]
[White "Gelfand, Boris"]
[Black "Kortschnoj, Viktor"]
[Result "1/2-1/2"]
[WhiteElo "2665"]
[BlackElo "2635"]

1.c4 Nf6 2.Nc3 e5 3.Nf3 Nc6 4.d4 exd4 5.Nxd4 Bb4 6.Bg5 h6 7.Bh4 O-O 8.Rc1 Re8
9.e3 Nxd4 10.Qxd4 c5 11.Qd1 g5 12.Bg3 d5 13.cxd5 Qxd5 14.Qxd5 Nxd5 15.Bb5 Rd8
16.h4 Bg4 17.f3 Bd7 18.Bxd7 Rxd7 19.hxg5 Bxc3+ 20.bxc3 Nxe3 21.Bf2 Nxg2+
22.Kf1 Nf4 23.Rxh6 Rd3 24.Bxc5 Rxf3+ 25.Kg1 Re8 26.Bxa7 Nh3+ 27.Kh1 Nxg5
28.Rb1 Kg7 29.Rh2 Kg6 30.Bd4 f6 31.a4  1/2-1/2

[Event "Koop Tjuchem"]
[Site "Groningen"]
[Date "1996.??.??"]
[Round "2"]
[White "Short, Nigel D"]
[Black "Gelfand, Boris"]
[Result "1/2-1/2"]
[WhiteElo "2695"]
[BlackElo "2665"]

1.e4 c5 2.Nf3 d6 3.d4 cxd4 4.Nxd4 Nf6 5.Nc3 a6 6.a4 Nc6 7.Be2 e5 8.Nb3 Be7
9.O-O O-O 10.Bg5 Be6 11.Bxf6 Bxf6 12.Nd5 Bg5 13.a5 Rc8 14.Bg4 Nd4 15.Nxd4 exd4
16.f4 Bh6 17.Bxe6 fxe6 18.Nb6 Rc5 19.g3 e5 20.f5 Qc7 21.c3 Rb5 22.Nd5 Qc4
23.Ra4 Qb3 24.Qxb3 Rxb3 25.cxd4  1/2-1/2

[Event "Koop Tjuchem"]
[Site "Groningen"]
[Date "1996.??.??"]
[Round "6"]
[White "Shirov, Alexei"]
[Black "Gelfand, Boris"]
[Result "1/2-1/2"]
[WhiteElo "2685"]
[BlackElo "2665"]

1.e4 c5 2.Nf3 d6 3.d4 cxd4 4.Nxd4 Nf6 5.Nc3 a6 6.Be3 e5 7.Nb3 Be6 8.f3 Nbd7
9.g4 b5 10.g5 Nh5 11.Qd2 Be7 12.O-O-O Nb6 13.Kb1 O-O 14.Nd5 Bxd5 15.exd5 Qc7
16.Na5 Nxd5 17.Qxd5 Qxa5 18.f4 Nxf4 19.Bxf4 exf4 20.Bd3 Rae8 21.h4 Bd8 22.Qf5 g6
23.Qxf4 Re5 24.c3 Qb6 25.Bc2 Qc6  1/2-1/2

[Event "Yerevan ol (Men)"]
[Site "Yerevan"]
[Date "1996.??.??"]
[Round "3"]
[White "Torre, Eugenio"]
[Black "Gelfand, Boris"]
[Result "1/2-1/2"]
[WhiteElo "2535"]
[BlackElo "2665"]

1.e4 c5 2.Nf3 d6 3.c3 Nf6 4.Be2 g6 5.O-O Bg7 6.Bb5+ Nc6 7.d4 O-O 8.d5 Nb8
9.Re1 e6 10.dxe6 Bxe6 11.Na3 h6 12.Bf4 d5 13.exd5 Nxd5 14.Bg3 Nc6 15.Bxc6 bxc6
16.Ne5 Qb6 17.Nac4 Qa6 18.Nd6 g5 19.Qc2 Rab8 20.Nd3 Qb6 21.Nc4 Qa6 22.Bxb8 Qxc4
23.Bg3 Rd8 24.Ne5 Nb4 25.Qe2 Qxe2 26.Rxe2 Bxe5 27.Bxe5 Bc4 28.Bf6 Bxe2 29.Bxd8 Nd3
30.b3 f5 31.c4 g4 32.h3 h5 33.hxg4 hxg4 34.g3 Kf7 35.a3 Ne5 36.Kg2 Bd3 37.Ra2 Nf3
38.Ba5 Be4 39.Kf1 Bd3+ 40.Kg2 Be4 41.Rb2 Ke6 42.Bc3 Nd2+ 43.Kg1 Nf3+ 44.Kf1 Bd3+
45.Kg2 Be4 46.Bg7 Nd2+ 47.Kg1 Nf3+ 48.Kf1 Bd3+ 49.Kg2 Ne1+ 50.Kg1 Nf3+ 51.Kh1 Be4
52.Bh6 Ke5 53.Be3 a6 54.Kg2 Nd2+ 55.Kg1 Nf3+ 56.Kf1 Bd3+ 57.Kg2 Ne1+ 58.Kg1 Nf3+
59.Kh1 Be4 60.Kg2 Nd2+ 61.f3 Bxf3+ 62.Kg1 Ne4 63.Kh2 f4 64.gxf4+ Kf5 65.b4 Nd6
66.Rc2 cxb4 67.axb4 Ke4 68.Bf2 Nf5 69.Ra2 Kxf4 70.Bb6 g3+ 71.Kg1 Be4 72.Rxa6 Nh4
73.Ra3 Kg4 74.Re3 Nf3+ 75.Kf1 Ng5 76.Bd8 g2+ 77.Kg1 Nh3+  1/2-1/2

[Event "Yerevan ol (Men)"]
[Site "Yerevan"]
[Date "1996.??.??"]
[Round "12"]
[White "Gelfand, Boris"]
[Black "Jussupow, Artur"]
[Result "1/2-1/2"]
[WhiteElo "2665"]
[BlackElo "2665"]

1.c4 Nf6 2.Nc3 e6 3.e4 d5 4.e5 d4 5.exf6 dxc3 6.bxc3 Qxf6 7.Nf3 e5 8.Bd3 Na6
9.O-O Bd6 10.Bc2 Bg4 11.d4 Bxf3 12.Qxf3 Qxf3 13.gxf3 O-O-O 14.Rb1 c5 15.Be4 b6
16.dxe5 Bxe5 17.Rb3 Nb8 18.Be3 Kc7 19.Rfb1 Nc6 20.Bd5 Rd7 21.f4  1/2-1/2

[Event "JUG Cup"]
[Site "Ulcinj"]
[Date "1997.??.??"]
[Round "?"]
[White "Gelfand, Boris"]
[Black "Konjevic, Djordje"]
[Result "1-0"]
[WhiteElo "2700"]
[BlackElo "2395"]

1.e4 d6 2.d4 Nf6 3.f3 e5 4.d5 g6 5.c4 Bg7 6.Bg5 c5 7.Nc3 Na6 8.Qd2 Nc7 9.Bd3 Rb8
10.a3 h6 11.Be3 a5 12.Rb1 Nd7 13.Nge2 Qe7 14.O-O h5 15.b4 axb4 16.axb4 Na6
17.bxc5 Naxc5 18.Bc2 O-O 19.Na4 b6 20.Rb4 Ba6 21.Rfb1 Rfc8 22.Bd3 Qd8 23.Nec3 Qc7
24.Bf1 Rf8 25.Qb2 f5 26.Nxb6 fxe4 27.Nxd7 Rxb4 28.Qxb4 Nxd7 29.Nxe4 Rb8 30.Qe1 Rc8
31.Qg3 Nf8 32.Rb6  1-0